<?xml version="1.0" encoding="UTF-8"?>
<record
    xmlns:xsi="http://www.w3.org/2001/XMLSchema-instance"
    xsi:schemaLocation="http://www.loc.gov/MARC21/slim http://www.loc.gov/standards/marcxml/schema/MARC21slim.xsd"
    xmlns="http://www.loc.gov/MARC21/slim">

  <leader>00901nam a22002417a 4500</leader>
  <controlfield tag="005">20200104041739.0</controlfield>
  <controlfield tag="008">160419b2003    ck ||||| |a|| 00| 0 spa d</controlfield>
  <datafield tag="040" ind1=" " ind2=" ">
    <subfield code="a">CO-BoIAVH</subfield>
    <subfield code="c">CO-BoIAVH</subfield>
  </datafield>
  <datafield tag="041" ind1=" " ind2=" ">
    <subfield code="a">spa</subfield>
  </datafield>
  <datafield tag="044" ind1=" " ind2=" ">
    <subfield code="a">ck</subfield>
  </datafield>
  <datafield tag="090" ind1=" " ind2=" ">
    <subfield code="a">MC-</subfield>
    <subfield code="b">0010</subfield>
  </datafield>
  <datafield tag="110" ind1="2" ind2=" ">
    <subfield code="a">Instituto de Investigaci&#xF3;n de Recursos Biol&#xF3;gicos Alexander von Humboldt</subfield>
    <subfield code="9">204</subfield>
  </datafield>
  <datafield tag="245" ind1="1" ind2=" ">
    <subfield code="a">Mapa base plancha #261 ( Valle del Cauca</subfield>
    <subfield code="b">Unidad de sistemas de informaci&#xF3;n Geografica- UNISIG Programa Biolog&#xED;a de la conservaci&#xF3;n.</subfield>
    <subfield code="h">[Material Cartografico]</subfield>
  </datafield>
  <datafield tag="255" ind1=" " ind2=" ">
    <subfield code="a">1:75000</subfield>
  </datafield>
  <datafield tag="260" ind1=" " ind2=" ">
    <subfield code="a">Bogot&#xE1;</subfield>
    <subfield code="b">IAvH</subfield>
    <subfield code="c">2003</subfield>
  </datafield>
  <datafield tag="300" ind1=" " ind2=" ">
    <subfield code="a">1 mapa ;</subfield>
    <subfield code="c">72 x 1.00 cm</subfield>
  </datafield>
  <datafield tag="650" ind1=" " ind2="6">
    <subfield code="a"> Geografia</subfield>
    <subfield code="z">Valle del Cauca</subfield>
    <subfield code="9">65830</subfield>
  </datafield>
  <datafield tag="650" ind1=" " ind2="6">
    <subfield code="a">Reservas Naturales</subfield>
    <subfield code="z">Valle del Cauca</subfield>
    <subfield code="9">65831</subfield>
  </datafield>
  <datafield tag="650" ind1=" " ind2="6">
    <subfield code="a"> Hidrograf&#xED;a </subfield>
    <subfield code="z">Valle del Cauca</subfield>
    <subfield code="9">65832</subfield>
  </datafield>
  <datafield tag="650" ind1=" " ind2="6">
    <subfield code="a"> Carreteras</subfield>
    <subfield code="z">Valle del Cauca</subfield>
    <subfield code="9">65833</subfield>
  </datafield>
  <datafield tag="651" ind1=" " ind2=" ">
    <subfield code="a">Valle del Cauca</subfield>
    <subfield code="z">Colombia</subfield>
    <subfield code="9">65834</subfield>
  </datafield>
  <datafield tag="942" ind1=" " ind2=" ">
    <subfield code="2">z</subfield>
    <subfield code="c">Mapa</subfield>
  </datafield>
  <datafield tag="999" ind1=" " ind2=" ">
    <subfield code="c">18303</subfield>
    <subfield code="d">18303</subfield>
  </datafield>
</record>
